Sacrosanctum Oecumenicum Concilium Tridentinum : (Record no. 46001)
[ view plain ]
| 000 -LEADER | |
|---|---|
| campo de control de longitud fija | 01612nam a2200337 i 4500 |
| 001 - NÚMERO DE CONTROL | |
| campo de control | 46001 |
| 003 - IDENTIFICADOR DE NÚMERO DE CONTROL | |
| campo de control | ES-MaACL |
| 005 - FECHA Y HORA DE LA ÚLTIMA TRANSACCIÓN | |
| campo de control | 20250727053336.0 |
| 007 - CAMPO FIJO DE DESCRIPCIÓN FÍSICA--INFORMACIÓN GENERAL | |
| campo de control de longitud fija | t| |
| 008 - DATOS DE LONGITUD FIJA--INFORMACIÓN GENERAL | |
| campo de control de longitud fija | 030327s1762 sp ||||1| spa d |
| 111 2# - ENTRADA PRINCIPAL--NOMBRE DE CONGRESO/REUNIÓN | |
| Nombre de congreso/reunión o jurisdicción como elemento de entrada | Concilio de Trento |
| Fecha del congreso o de la firma del tratado | (1545-1563) |
| 9 (RLIN) | 135069 |
| 245 10 - MENCIÓN DEL TÍTULO | |
| Título | Sacrosanctum Oecumenicum Concilium Tridentinum : |
| Resto del título | additis declarationibus Cardinalium eiusdem Concilii interpretum / |
| Mención de responsabilidad, etc. | ex ultima recognitione Ioannis Gallemart ; nec non remissionibus Augustini Barbosae ; et annotationibus practicis Cardinalis De Luca ... ; cum variis Rotae Romanae decisionibus. |
| 250 ## - MENCION DE EDICION | |
| Mención de edición | Ed. novissima. |
| 260 ## - PUBLICACIÓN, DISTRIBUCIÓN, ETC. | |
| Lugar de publicación, distribución, etc. | Matriti : |
| Nombre del editor, distribuidor, etc. | apud Joachim Ibarra, |
| Fecha de publicación, distribución, etc. | 1762. |
| 300 ## - DESCRIPCIÓN FÍSICA | |
| Extensión | [28], 677 páginas ; |
| Dimensiones | Fol. |
| 500 ## - NOTA GENERAL | |
| Nota general | Sign.: a-b4, c6, A-Z4, 2A-2Z4, 3A-3R4, 3S6, 3T-3Z4, 4A-404, 4P5. |
| 500 ## - NOTA GENERAL | |
| Nota general | Texto a dos columnas |
| 500 ## - NOTA GENERAL | |
| Nota general | Port. con grab. xil. alusivo al Concilio |
| 530 ## - NOTA DISPONIBLE DE FORMULARIO FÍSICO ADICIONAL | |
| Nota de formato físico adicional disponible | Disponible en formato digital |
| 611 27 - PUNTO DE ACCESO ADICIONAL DE MATERIA--NOMBRE DE REUNIÓN/CONGRESO | |
| Nombre de congreso/reunión o jurisdicción como elemento de entrada | Concilio de Trento |
| Subdivisión cronológica | (1545-1563) |
| 9 (RLIN) | 240788 |
| 700 1# - ENTRADA AGREGADA--NOMBRE PERSONAL | |
| Nombre de persona | Gallemart, Jean, |
| Títulos y otros términos asociados al nombre | Cardenal |
| 9 (RLIN) | 53604 |
| Término indicativo de función/relación | Colaborador |
| 700 1# - ENTRADA AGREGADA--NOMBRE PERSONAL | |
| Nombre de persona | Barbosa, Agostino, |
| Títulos y otros términos asociados al nombre | Cardenal |
| 9 (RLIN) | 25469 |
| Término indicativo de función/relación | Colaborador |
| 700 1# - ENTRADA AGREGADA--NOMBRE PERSONAL | |
| Nombre de persona | De Luca, Joannes Baptista, |
| Títulos y otros términos asociados al nombre | Cardenal |
| 9 (RLIN) | 43060 |
| Término indicativo de función/relación | Colaborador |
| 700 1# - ENTRADA AGREGADA--NOMBRE PERSONAL | |
| Nombre de persona | Ibarra, Joaquín, |
| Fechas asociadas al nombre | 1725-1785 |
| Término indicativo de función/relación | Impresor |
| 9 (RLIN) | 172326 |
| 852 ## - LOCALIZACIÓN | |
| Ubicación | ES-MaACL |
| Número de control de estantería | R-3334 |
| Ubicación en estantería | Depósito |
| 856 ## - LOCALIZACIÓN Y ACCESO ELECTRÓNICOS | |
| Identificador Uniforme de Recursos | <a href="https://patrimoniodigital.ucm.es/s/patrimonio/item/621480">https://patrimoniodigital.ucm.es/s/patrimonio/item/621480</a> |
| Texto de enlace | Versión en línea |
| Nota pública | (Patrimonio Digital Complutense) |
| 856 ## - LOCALIZACIÓN Y ACCESO ELECTRÓNICOS | |
| Identificador Uniforme de Recursos | <a href="https://patrimoniodigital.ucm.es/s/patrimonio/item/621481">https://patrimoniodigital.ucm.es/s/patrimonio/item/621481</a> |
| Texto de enlace | Versión en línea |
| Nota pública | (Patrimonio Digital Complutense) |
| 942 ## - ELEMENTOS DE ENTRADA SECUNDARIOS (KOHA) | |
| Fuente del sistema de clasificación o colocación | Clasificación decimal universal |
| Tipo de ítem Koha | Libro impreso antiguo |
| Suprimir en OPAC | No |
| Estatus retirado | Estado de pérdida | Estado de daño | No para préstamo | Colección | Biblioteca de origen | Biblioteca actual | Ubicación en estantería | Fecha de adquisición | Fuente de adquisición | Total de préstamos | Signatura topográfica completa | Código de barras | Visto por última vez | Precio de reemplazo | Tipo de ítem Koha |
|---|---|---|---|---|---|---|---|---|---|---|---|---|---|---|---|
| Libros del s. XVIII | Biblioteca del Ateneo de Madrid | Biblioteca del Ateneo de Madrid | Depósito | 17/01/2008 | R-3334 | 1048396 | 23/02/2023 | 23/02/2023 | Libro impreso antiguo |
